000 01034nas0a22003011i 4500
001 RU\NLR\DRGNLR\650
005 20240725030925.0
035 _a(NLR Aleph) 010309220
090 _a10631151
_c10631151
100 _a20080514b1908 u y0rusy50 ca
101 0 _arus
102 _aRU
110 _acya||||||||
200 1 _aВечерняя заря
_eГаз. общедоступ. и обществ.-лит.
_fРед. М.В.Понтус
210 _aТашкент
_d1908, 17 нояб - 8 дек
_cП.Д.Немтинов
540 1 _aВечерняя заря
702 1 _aПонтус
_bМ.В.
_gМечислав Владиславович
_4340
702 1 _aНемтинов
_bПав. Демент.
_4650
801 0 _aRU
_bNLR
_c20080514
_gPSBO
_2gzdor_isis
801 2 _aRU
_bNLR
_c20080514
_gPSBO
_2rusmarc
852 _aNLR
_j1-Сб/1-44
942 _cNEWSPAPER
980 _aDRG